Online
Catalog

Pedro Santana : (Record no. 24697)

MARC details
000 -CABECERA
campo de control de longitud fija 00815nam a2200229 a 4500
001 - NÚMERO DE CONTROL
campo de control 000025204
005 - FECHA Y HORA DE LA ÚLTIMA TRANSACCIÓN
campo de control 20240410073846.0
008 - DATOS DE LONGITUD FIJA--INFORMACIÓN GENERAL
campo de control de longitud fija 110211s2000 dr a 000 0 spa d
020 ## - NÚMERO INTERNACIONAL ESTÁNDAR DEL LIBRO
ISBN cancelado o inválido 83400
040 ## - FUENTE DE LA CATALOGACIÓN
Centro catalogador/agencia de origen DO-SdBNP
Lengua de catalogación spa
Centro/agencia transcriptor BNPHU
082 ## - NÚMERO DE LA CLASIFICACIÓN DECIMAL DEWEY
Número de clasificación 972.73
Número de documento/Ítem C343p
100 1# - ENTRADA PRINCIPAL--NOMBRE DE PERSONA
Nombre de persona Cassá, Roberto,
Fechas asociadas al nombre 1948-
9 (RLIN) 10888
245 10 - MENCIÓN DE TÍTULO
Título Pedro Santana :
Resto del título autócrata y anexionista /
Mención de responsabilidad, etc. Roberto Cassá ; ilustraciones Ramiro Manzano.
260 ## - PUBLICACIÓN, DISTRIBUCIÓN, ETC.
Lugar de publicación, distribución, etc. Santo Domingo :
Nombre del editor, distribuidor, etc. Tobogan,
Fecha de publicación, distribución, etc. 2000.
Fabricante Alfa y Omega
300 ## - DESCRIPCIÓN FÍSICA
Extensión 57p. :
Otras características físicas il. ;
Dimensiones 21 cm.
504 ## - NOTA DE BIBLIOGRAFÍA, ETC.
Nota de bibliografía, etc. Bibliografía : p. 57
590 ## - NOTA LOCAL (RLIN)
Nota local Inventariado, 2018/ YL
600 #0 - PUNTO DE ACCESO ADICIONAL DE MATERIA--NOMBRE DE PERSONA
Nombre de persona Santana, Pedro.
Fechas asociadas al nombre 1801-1864
9 (RLIN) 6546
650 #4 - PUNTO DE ACCESO ADICIONAL DE MATERIA--TÉRMINO DE MATERIA
Término de materia o nombre geográfico como elemento de entrada Presidentes
Subdivisión geográfica República Dominicana
Subdivisión general Biografía
9 (RLIN) 51682
651 #0 - PUNTO DE ACCESO ADICIONAL DE MATERIA--NOMBRE GEOGRÁFICO
Nombre geográfico República Dominicana --
Subdivisión general Historia --
Subdivisión cronológica 1844-1930
9 (RLIN) 1009
700 1# - PUNTO DE ACCESO ADICIONAL--NOMBRE DE PERSONA
Nombre de persona Manzano, Ramiro,
Término indicativo de función/relación il.
9 (RLIN) 768
Holdings
Estado de retiro Estado de pérdida No para préstamo Código de colección Localización permanente Ubicación/localización actual Ubicación en estantería Fecha de adquisición Número de inventario Total de préstamos Signatura topográfica completa Código de barras Fecha visto por última vez Precio válido a partir de Tipo de ítem Koha Número de copia
    Excluido de préstamo Patrimonio Dominicano Patrimonio Dominicano Patrimonio Dominicano Depósito 11.02.2011 LF1   972.73 C343p 25204-10 25.06.2020 25.06.2020 Libro y Folleto Colección Patrimonio Dominicano  
    Excluido de préstamo Patrimonio Dominicano Patrimonio Dominicano Patrimonio Dominicano Depósito 23.03.2018 LF1   972.73 C343p 25204-20 25.06.2020 25.06.2020 Libro y Folleto Colección Patrimonio Dominicano e.2

Powered by Koha